00697nam a2200169 a 4500008004100000050001300041100002500054245008300079260004000162300001500202350000900217490003400226700002700260995010000287999001700387952012300404081113s2007 ||||||||||||||||| || u aIBRD(08) aVermeersch, Christel10aMore time is better: an evaluation of the full time school program in Uruguary aWashington, D. C.bWorld Bankc2007 a24p. :ill. a0.00 aPolicy Research Working Paper aCerdan-Infantes, Pedro D0.00FCBU-MAIN LIBRARY (Kitwe)H1I0.00M1UAVAILABLEWNov 13, 2008ZInternational Publications c51693d51693 00102lcc4070a001b001cInternational Publicationsd2022-11-30l0oIBRD(08)pZ03003109r2022-11-30w2022-11-30y002